000 00622 a2200181 4500
245 _aHard times
_b : An authoritative text, backgrounds, sources, and contemporary reactions, criticism
_hprint
020 _a0393096394
250 _a2nd ed.
700 _aDickens, Charles
700 _aFord, George H. (George Harry)
700 _aMonod, Sylvère
650 _aENGLISH LITERATURE
005 20191017173006.0
260 _anyu
_bNorton
_cc1966
084 _aPR4561.A2 F67 1990
300 _axiv, 434 p.
_b 22 cm.
_cxiv, 434 p. ; 22 cm.
500 _aCharles Dickens ; edited by George Ford, Sylvère Monod.
490 _aA Norton critical edition
999 _c9651
_d9651